000 00501nam a2200181Ia 4500
005 20250508161402.0
008 008 250505s9999 xx 000 0 eng d
037 _aBooks to be hide in OPAC
040 _aFEDL
_beng
_cFEDL
041 _aeng
_2eng
084 _a920, KRU
_qFEDL
100 _aKruif Paul De
_9154426
245 0 _aMicrobe hunters
260 _aNew York, USA
_bHarcourt, Brace and Company
_c1926
300 _a365p.
942 _cHB
_h920, KRU
999 _c1369791
_d1369791